[Event "7th RTU Open 2017"]
[Site "Riga"]
[Date "2017.08.10"]
[Round "6"]
[White "Braun, Arik"]
[Black "Tang, Andrew"]
[Result "0-1"]
[WhiteElo "2577"]
[BlackElo "2475"]
[Annotator "TA"]
[PlyCount "96"]
[EventDate "2017.??.??"]
[EventType "swiss"]
[EventCountry "LAT"]
[SourceTitle "playchess.com"]
[Source "ChessBase"]
[SourceQuality "1"]

{[%evp 9,96,20,27,20,25,5,19,15,24,15,15,15,17,17,17,16,18,-28,-27,-30,-28,-29,-22,-38,-44,-39,-16,-28,-18,-33,-1,-3,-17,-14,-12,-64,-45,-56,-48,-52,-63,-40,-23,-35,14,-31,-44,-93,-12,-12,-15,-12,-8,-68,-12,-15,-19,-163,-112,-115,-112,-255,-253,-235,-245,-281,-254,-590,-199,-169,-172,-281,-277,-29976,-29977,-29983,-29984,-29984,-29985,-29985,-29986,-29985,0,-29980,-29981,-29981,-29982,-29998,-29999]} 1. d4 d5 2. c4 e6 3. Nc3 Be7 4. cxd5 exd5 5. Bf4 c6 6. Qc2 {D31: Queen's Gambit Declined: Semi-Slav without ...Nf6 (+ Marshall Gambit and Noteboom) and Exchange Variation lines without ...Nf6} (6. e3 Bf5 7. Bd3 Bxd3 8. Qxd3 Nf6 9. Nge2 Nbd7 10. h3 O-O 11. O-O Re8 12. f3 b5 13. a3 a5 14. e4 Nb6 {1-0 (35) Mamedyarov,S (2800)-Topalov,V (2749) Paris 2017}) 6... Nf6 7. h3 Qa5 8. Nf3 {The position is equal.} Ne4 9. Nd2 Nxd2 10. Qxd2 O-O 11. e3 Bf5 $146 ({Find the theoretical novelty and annotate with similar games:} 11... Be6 12. Bd3 c5 13. dxc5 Nc6 {1-0 (65) Lupulescu,C (2616)-Goganov,A (2517) Plovdiv 2012}) 12. g4 Be6 13. O-O-O b5 {[%cal Bb7b5,Bb5b4][%mdl 32]} 14. Kb1 b4 15. Ne2 {[%cal Bc3e2,Be2c1,Bc1d3,Bd3e5][%mdl 32]} Nd7 16. Nc1 Qb6 17. Nd3 a5 {[%cal Ba7a5,Ba5a4,Ba4a3][%mdl 32]} 18. Rc1 Rfc8 19. Ne5 Nf6 20. f3 a4 21. Nd3 Nd7 22. h4 (22. Be2 $1 $11) 22... c5 $15 23. dxc5 Nxc5 24. Nxc5 (24. Qxb4 $2 Nxd3 $1 {[%mdl 512]} 25. Bxd3 Qxb4 $19) 24... Bxc5 25. Bd3 a3 {Hoping for ...b3.} 26. b3 d4 {aiming for ...Bxb3!} 27. exd4 (27. e4 {is interesting.} Bd6 28. e5 Be7 29. Be4 Rab8 30. Rxc8+ Rxc8 31. Rd1) 27... Bxd4 28. Be4 Bb2 (28... Bc3 $17 29. Qe3 Qxe3 30. Bxe3 Ra5) 29. Bxa8 $11 Bxc1 30. Rxc1 Rxa8 31. Rd1 {[#]} (31. Qe3 $11 Qb5 32. Qd4) 31... h5 ({Black should try} 31... Bxb3 $1 $15 {[%mdl 512]} 32. axb3 a2+ 33. Ka1 Qf6+ 34. Qb2 (34. Qd4 $2 Rd8 $19) 34... Qxf4) 32. Be5 $1 {And now Qg5 would win.} f6 $36 {[%mdl 2048] Black has some pressure.} 33. Bd4 (33. Qd6 $11 {and White stays safe.} Qxd6 34. Bxd6) 33... Qb5 (33... Qc6 $19 34. g5 Qxf3 35. gxf6 Rd8) 34. gxh5 $17 Qxh5 35. Qe3 (35. Rg1 $17) 35... Re8 $1 $19 {( -> ...Bf5+)} 36. Ka1 Bd5 ({Don't take} 36... Qxh4 37. Qd2 $17) 37. Qd2 Bxf3 38. Rg1 $2 (38. Rc1) 38... Qxh4 $2 (38... Qd5 39. Qf4 Bg2) 39. Qxb4 {[#]} Re2 $1 40. Qc3 {[#]} (40. Qc4+ $142 Kh7 41. Qd3+ Qe4 42. Qc3) 40... Bg4 $1 41. b4 $2 (41. Qb4 $19) 41... Be6 42. Bxf6 Rxa2+ 43. Kb1 Qe4+ 44. Kc1 Qf4+ 45. Kb1 Qe4+ 46. Kc1 {[#]} Ra1+ $1 {[%mdl 512] Black mates.} 47. Qxa1 Qe3+ 48. Kc2 Bb3+ {Precision: White = 38%, Black = 56%.} 0-1

[Event "7th RTU Open 2017"]
[Site "Riga"]
[Date "2017.08.10"]
[Round "6"]
[White "Alekseenko, Kirill"]
[Black "Miezis, Normunds"]
[Result "1-0"]
[WhiteElo "2575"]
[BlackElo "2430"]
[Annotator "TA"]
[PlyCount "79"]
[EventDate "2017.??.??"]
[EventType "swiss"]
[EventCountry "LAT"]
[SourceTitle "playchess.com"]
[Source "ChessBase"]
[SourceQuality "1"]

{[%evp 10,79,0,-2,26,13,4,5,22,4,22,20,24,6,16,22,41,12,14,14,26,14,13,0,22,16,7,0,0,0,0,-13,0,-7,36,30,50,0,0,0,0,0,32,32,70,29,49,8,72,29,27,17,33,44,70,61,68,56,442,425,402,409,870,860,836,831,744,381,383,368,1299,1270]} 1. d4 Nf6 2. Nc3 d5 3. Bf4 e6 4. Nb5 Na6 5. e3 c6 {[%cal Bc7c6,Bc6c5][%mdl 32]} 6. Nc3 {LiveBook: 43 Games. D00: 1 d4 d5: Unusual lines} Bd6 (6... Bb4 7. Nge2 O-O 8. a3 Bd6 9. Ng3 Nc7 10. Bd3 Re8 11. Bxd6 Qxd6 {0-1 (42) Rapport,R (2717)-Wei,Y (2707) Yancheng 2016}) 7. Nf3 $146 ({Predecessor:} 7. Bxa6 bxa6 8. Nge2 c5 9. Na4 Bxf4 10. Nxf4 Ne4 11. Nxc5 Nxc5 12. dxc5 {1-0 (29) Lizak,P (2445)-Juenger,H (2110) Austria 2016}) 7... Bxf4 8. exf4 {The position is equal.} Qa5 9. Bd3 c5 10. O-O O-O 11. a3 cxd4 12. Nb5 Qb6 13. b4 Bd7 14. Nbxd4 Rac8 15. Re1 Nc7 16. Qd2 Nce8 17. Ne5 Nd6 18. Qe3 Ba4 19. c3 {[%cal Bc2c3,Bc3d4][%mdl 32]} Rfd8 20. Rac1 Be8 (20... Nfe4 $5) 21. Bb1 Nb5 (21... Nfe4 {is more complex.} 22. g4 Rc7 23. Bxe4 dxe4 24. f5 exf5 25. gxf5 Nb5) 22. f5 Nxd4 23. cxd4 Rxc1 24. Rxc1 exf5 25. Bxf5 g6 (25... Ne4 $5) 26. Bd3 Kg7 27. h3 {[%cal Bh2h3,Bh3h4][%mdl 32]} Qd6 28. Qd2 Bd7 (28... Ne4 $11 {remains equal.} 29. Qe3 f6) 29. Qf4 {Nxg6 is the strong threat.} (29. Qh6+ $5 Kg8 30. Qf4 $16) 29... Be6 30. g4 $36 {[%cal Bg2g4,Bg4g5][%mdl 2080] White is pushing.} Ne8 31. g5 Qe7 32. h4 $1 Rc8 33. Re1 Nd6 $2 {[%mdl 8192]} (33... Rc3 $14) 34. Ng4 $18 {[%cal Be5g4,Bg4f6,Bf6d5,Bd5f4][%mdl 32] [#] Intending Qe5+ and mate.} Kf8 35. Qe5 {[%cal Re5h8]} Ke8 (35... Qd8 $142 36. h5 (36. Qh8+ Ke7 $16) 36... Ne8 37. Qh8+ Ke7) 36. Nf6+ Kd8 37. Nxd5 Qf8 38. Nf4 Kc7 39. Qf6 ({Don't take} 39. Nxe6+ fxe6 40. Rc1+ Kb8 $18) ({Weaker is} 39. d5 Bd7 $18) 39... Re8 $2 {[#]} (39... Kb8 40. Nxe6 fxe6 41. Rxe6 Qxf6 42. gxf6 Rd8) 40. Rxe6 {Precision: White = 41%, Black = 25%.} 1-0

[Event "7th RTU Open 2017"]
[Site "Riga"]
[Date "2017.08.10"]
[Round "6"]
[White "Brunello, Sabino"]
[Black "Laurusas, Tomas"]
[Result "1/2-1/2"]
[WhiteElo "2566"]
[BlackElo "2409"]
[Annotator "TA"]
[PlyCount "25"]
[EventDate "2017.??.??"]
[EventType "swiss"]
[EventCountry "LAT"]
[SourceTitle "playchess.com"]
[Source "ChessBase"]
[SourceQuality "1"]

{[%evp 15,25,-39,-41,-41,10,-23,2,-36,-31,-34,-31,-60]} 1. d4 d5 2. c4 c6 3. Nf3 Nf6 4. e3 Bf5 5. Nbd2 e6 6. Nh4 {D12: Slav Defence: 3 Nf3 Nf6 4 e3 Bf5} Be4 7. f3 Bg6 8. Qb3 (8. g3 Be7 9. a3 Nbd7 10. cxd5 cxd5 11. Nxg6 hxg6 12. Bd3 e5 {0-1 (67) Nakamura,H (2787)-Caruana,F (2801) Saint Louis 2014}) 8... Qc7 {LiveBook: 5 Games} 9. Be2 Bd6 (9... c5 $15) 10. g3 $146 ({Find the theoretical novelty and annotate with similar games:} 10. Nf1 Nbd7 11. cxd5 exd5 12. Bd2 O-O 13. Nxg6 hxg6 14. O-O-O c5 {½-½ (16) Unzicker,F (2330)-Seibold,H (2180) Nuremberg 2010}) 10... Nbd7 11. c5 Be7 12. Qc3 a5 13. b3 1/2-1/2

[Event "7th RTU Open 2017"]
[Site "Riga"]
[Date "2017.08.10"]
[Round "6"]
[White "Kunin, Vitaly"]
[Black "Bruedigam, Martin"]
[Result "1/2-1/2"]
[WhiteElo "2551"]
[BlackElo "2408"]
[Annotator "TA"]
[PlyCount "119"]
[EventDate "2017.??.??"]
[EventType "swiss"]
[EventCountry "LAT"]
[SourceTitle "playchess.com"]
[Source "ChessBase"]
[SourceQuality "1"]

{[%evp 18,119,13,12,17,14,27,-18,-10,-55,12,-6,0,-34,-29,-43,0,2,-5,-40,0,-18,-5,-9,7,-63,-60,-63,-70,-75,-65,-77,-70,-162,-157,-199,-50,-43,-41,-37,-24,-39,-39,-50,-46,-49,-23,-35,-6,-19,-12,-11,0,0,0,0,0,0,0,0,0,0,0,0,0,0,0,0,0,0,0,0,0,0,0,0,0,-35,0,0,0,0,0,0,0,0,0,0,0,0,0,0,0,-15,-15,-31,-35,-91,-91,-113,0,-59,0,-108]} 1. Nf3 Nf6 2. g3 b6 3. Bg2 Bb7 4. O-O e6 5. c4 Be7 6. d4 O-O 7. Nc3 Ne4 8. Qc2 Nxc3 9. Qxc3 c5 10. Bf4 d6 {E19: Queen's Indian: Old Main Line with 7...Ne4 8 Qc2 Nxc3 8 Qxc3} 11. Rad1 Qc7 12. Rd2 $146 ({Predecessor:} 12. d5 exd5 13. cxd5 Bf6 14. Qc2 Qe7 15. Nd2 Nd7 16. Ne4 Be5 17. Bg5 f6 18. Bc1 {1-0 (40) Volkov,S (2575)-Predke,A (2496) Kazan 2012}) 12... Nd7 13. Qc2 Rad8 ({Black should play} 13... Nf6 $15 14. dxc5 bxc5) 14. dxc5 bxc5 15. Ne1 (15. Ng5 $5 {[%cal Rc2h7]} Nf6 16. Ne4 $11) 15... Rb8 16. b3 Rfd8 17. Bxb7 Rxb7 18. Qe4 Rb6 {[%cal Bb7b6,Bb6a6,Ba6a4][%mdl 32]} 19. Nc2 Nf6 20. Qg2 Qb7 21. f3 ({White should try} 21. Qxb7 $11 Rxb7 22. f3) 21... Ra6 22. Ne1 d5 23. Nd3 dxc4 24. bxc4 Ra4 $1 25. Be3 (25. e4 $15) 25... Rxc4 $19 26. Nxc5 {[#]} Qc8 ({Better is} 26... Qb6 $1 $19 27. Rxd8+ Bxd8) 27. Nd3 $1 $15 a6 28. Bb6 Rd7 29. e4 Bd8 30. Qf2 Bxb6 31. Qxb6 Rcd4 32. Rfd1 h5 {[%cal Bh7h5,Bh5h4][%mdl 32]} 33. Qa5 g6 34. Kg2 h4 (34... Qc7 {seems wilder.} 35. Qxc7 Rxc7 36. h4 Kf8 37. Kf2 Rdc4) 35. Ne5 (35. Nf2 {is interesting.} Rxd2 36. Rxd2 hxg3 37. hxg3 Kg7 38. g4) 35... Rxd2+ 36. Rxd2 Rxd2+ 37. Qxd2 hxg3 38. hxg3 Qc7 39. Qb2 {With the idea Nxg6!} Nh5 {Hoping for ...f6.} 40. f4 Nf6 41. Kf3 Qd6 42. Qe2 (42. Qb3 {feels hotter.} Qd2 43. Qb7 Qd1+ 44. Kg2 Qe2+ 45. Kg1) 42... Qd4 43. Qd3 Qa4 44. a3 Kg7 45. g4 {[%cal Bg3g4,Bg4g5][%mdl 32]} Qa5 46. g5 Nh5 {White must now prevent ...Qe1.} 47. Ng4 Qe1 {( -> ...Qg3+)} 48. Qd4+ Kh7 49. Nf6+ Nxf6 50. Qxf6 $11 {[%mdl 4096] Endgame KQ-KQ} Qd1+ 51. Ke3 Qb3+ 52. Kd4 Qb2+ 53. Kc4 Qb5+ 54. Kc3 Qc5+ 55. Kd2 (55. Kb3 $5 {[%cal Rf6f7]} Qb5+ 56. Kc3 Qc5+ 57. Kb2 Qb6+ 58. Kc2 $11) 55... Qd6+ 56. Ke2 Kg8 57. f5 (57. a4 $15) 57... Qh2+ $17 58. Kd3 {[#]} Qd6+ (58... Qh3+ $1 $17 59. Kd4 Qxa3 60. fxe6 Qd6+ 61. Ke3 Qxe6 62. Qd8+ Kh7) 59. Ke2 $15 Qh2+ 60. Kd3 $1 {Precision: White = 39%, Black = 49%.} 1/2-1/2

[Event "7th RTU Open 2017"]
[Site "Riga"]
[Date "2017.08.10"]
[Round "6"]
[White "Sanal, Vahap"]
[Black "Lugovskoy, Maxim"]
[Result "1/2-1/2"]
[WhiteElo "2539"]
[BlackElo "2440"]
[Annotator "TA"]
[PlyCount "146"]
[EventDate "2017.??.??"]
[EventType "swiss"]
[EventCountry "LAT"]
[SourceTitle "playchess.com"]
[Source "ChessBase"]
[SourceQuality "1"]

{[%evp 24,146,26,0,30,17,33,23,29,28,32,17,31,24,21,22,39,0,0,0,0,-29,-16,-54,-27,-31,0,-9,0,-23,0,0,7,0,0,0,0,0,18,18,18,18,18,18,24,22,28,28,51,57,59,28,35,31,39,39,31,19,27,26,24,37,34,25,45,0,0,0,39,0,0,-2,0,0,0,-79,-80,-83,-76,-88,-86,-76,-60,-83,-24,-76,-81,-65,-14,-16,-16,-77,-77,-77,-76,-76,-66,-100,-100,-100,-100,-100,-100,-106,-100,-100,-100,-100,-100,-100,-100,-118,-118,-118,-118,-118,-118,-118,-118,-118,-100,-100,-100,-118,-100]} 1. e4 e6 2. d4 d5 3. Nd2 Nf6 4. e5 Nfd7 5. Bd3 c5 6. c3 Nc6 7. Ne2 cxd4 8. cxd4 f6 9. exf6 Qxf6 10. Nf3 h6 11. O-O Bd6 12. Nc3 O-O 13. Be3 Rd8 {C06: French Tarrasch: 3...Nf6 4 e5 Nfd7 5 Bd3 main lines} 14. a3 Nf8 15. Rc1 Bd7 {[%cal Bc8d7,Bd7e8,Be8g6][%mdl 32] White has an edge.} 16. h3 Be8 (16... Kh8 17. Bb1 Be8 18. Nh2 Bxh2+ 19. Kxh2 e5 20. Ne2 Bh5 21. Qd2 Bxe2 22. Qxe2 exd4 {0-1 (60) Fedorov,A (2565)-Iljiushenok,I (2499) Kazan 2016}) 17. Nh2 Bxh2+ 18. Kxh2 Bg6 $146 ({Wrong is} 18... Nxd4 $2 19. Bxd4 e5 20. Be3 $18) ({Predecessor:} 18... e5 19. Ne2 Bh5 20. f3 Bg6 21. Bxg6 Nxg6 {0-1 (42) Malac,M (2156)-Dobrotka,M (2196) Slovakia 2004}) 19. Bb5 Rac8 20. f4 a6 21. Be2 Na5 22. Ra1 Nc4 23. Bc1 Nd6 24. f5 exf5 ({Much weaker is} 24... Bxf5 $6 25. g4 $16) 25. Nxd5 Qf7 26. Nf4 Ne6 27. Bf3 {[#] Strongly threatening Bd5.} Ne4 28. Nxe6 Qxe6 29. Bf4 Kh7 30. Be5 Rd5 (30... Rc5 $5 31. Qe1 Rxe5 32. dxe5 Qxe5+ 33. Kh1 Rd3 $11) 31. Bxe4 fxe4 32. Qe2 Rdd8 33. Rae1 Rc6 34. Rf2 Rdc8 35. Qd2 Qb3 36. Re3 Qc2 37. d5 Qxd2 38. Rxd2 Rc2 39. Rxc2 Rxc2 $14 {[%mdl 4096] Endgame KRB-KRB} 40. d6 (40. Rb3 $5 {[%cal Rb3b7]} b5 41. Rc3 Rxc3 42. Bxc3 $14) 40... Be8 41. Rxe4 {With the idea Bd4.} Bc6 42. Rg4 g5 43. Kg1 Rd2 44. Kf1 Bb5+ 45. Kg1 Bc6 46. Rg3 Kg6 47. Kf1 (47. Bc3 $5 {[%cal Rc3d2]} Rxd6 48. Re3 $11) 47... Bb5+ 48. Kg1 Bc6 49. Re3 (49. Kf1 $11) 49... Rxg2+ $17 50. Kf1 {[#] Black must now prevent Rd3.} Rd2 $1 51. Ke1 Rd5 52. Bh2 Kf5 53. b3 Rd4 ({Better is} 53... Kf6 $17) 54. Re5+ (54. Be5 $11 {keeps the balance.} Rd5 55. Bg3) 54... Kf6 55. Re3 Re4 (55... Rd5 $15) 56. Rxe4 $11 Bxe4 {KB-KB} 57. Bg3 (57. Be5+ $11 Ke6 58. Bg7) 57... Ke6 $17 58. Kf2 Bf5 59. Kg2 h5 {[%cal Bh6h5,Bh5g4][%mdl 32]} 60. b4 b5 {Black is better.} 61. Be1 Kxd6 62. Bd2 g4 63. hxg4 hxg4 64. Kg3 Ke5 65. Bf4+ Kd4 66. Bc7 Kc3 67. Ba5 Kb3 68. Kh4 Kxa3 69. Kg3 Kb3 70. Kf2 Kc4 71. Kg3 Kd5 72. Bb6 Ke4 73. Ba5 Be6 {Precision: White = 57%, Black = 61%.} 1/2-1/2

[Event "7th RTU Open 2017"]
[Site "Riga"]
[Date "2017.08.10"]
[Round "6"]
[White "Zakhartsov, Viacheslav V"]
[Black "Ozturk, Kubra"]
[Result "1/2-1/2"]
[WhiteElo "2539"]
[BlackElo "2298"]
[Annotator "TA"]
[PlyCount "29"]
[EventDate "2017.??.??"]
[EventType "swiss"]
[EventCountry "LAT"]
[SourceTitle "playchess.com"]
[Source "ChessBase"]
[SourceQuality "1"]

{[%evp 16,29,16,16,41,10,34,26,39,28,23,23,41,9,39,36]} 1. d4 Nf6 2. c4 e6 3. Nf3 {[%cal Bg1f3,Bf3e5,Be5c6][%mdl 32]} b6 4. g3 Bb7 5. Bg2 Be7 6. O-O O-O 7. Re1 Na6 8. Ne5 {E17: Queen's Indian: 4 g3 Bb7 5 Bg2 Be7} (8. a3 d5 9. cxd5 exd5 10. b4 c6 11. Nc3 Nc7 12. Qb3 Ne6 13. a4 Rb8 14. Ba3 c5 15. Rad1 c4 {1-0 (31) Giri,A (2785)-Romanov,E (2636) Sochi 2017}) 8... Bxg2 9. Kxg2 {LiveBook: 84 Games} d5 10. Nc3 $146 ({Find the theoretical novelty and annotate with similar games:} 10. Qa4 Nb8 11. Nc3 c5 12. cxd5 cxd4 13. Qxd4 exd5 14. Bg5 Re8 15. Nf3 Na6 {½-½ (25) Alexa,J (2332)-Jorgensen,E (2459) ICCF email 2002}) 10... dxc4 11. Qa4 {[#] And now Nc6 would win.} Nb4 12. a3 $1 {[%cal Ra3b4]} Nbd5 13. Nc6 Qd7 14. e4 Nxc3 15. bxc3 1/2-1/2

[Event "7th RTU Open 2017"]
[Site "Riga"]
[Date "2017.08.10"]
[Round "6"]
[White "Zeng, Chongsheng"]
[Black "Mu, Ke"]
[Result "1-0"]
[WhiteElo "2537"]
[BlackElo "2411"]
[Annotator "TA"]
[PlyCount "65"]
[EventDate "2017.??.??"]
[EventType "swiss"]
[EventCountry "LAT"]
[SourceTitle "playchess.com"]
[Source "ChessBase"]
[SourceQuality "1"]

{[%evp 18,65,0,3,28,0,0,-3,15,20,22,0,0,0,19,22,21,18,31,18,16,23,18,0,6,16,7,4,6,6,7,4,10,12,16,7,16,0,0,0,21,0,16,16,47,45,35,36,43,0]} 1. e4 e5 2. Nf3 Nc6 3. Bc4 Bc5 4. c3 Nf6 5. d4 exd4 6. e5 d5 7. Bb5 Ne4 8. cxd4 Bb6 9. Nc3 O-O 10. Be3 {LiveBook: 151 Games. C54: Giuoco Piano: 4 c3 Nf6, main lines with 5 d4 and 5 d3} a6 (10... Bg4 11. h3 Bh5 12. O-O Nxd4 13. Bxd4 Bxf3 14. gxf3 Qg5+ 15. Kh1 Qf5 16. fxe4 Qxh3+ 17. Kg1 Bxd4 18. Qxd4 Qg4+ 19. Kh1 Qh3+ 20. Kg1 Qg4+ 21. Kh1 Qh3+ 22. Kg1 {½-½ (22) Mamedyarov,S (2772)-Karjakin,S (2783) Shamkir 2017}) 11. Bd3 (11. Bxc6 $5 bxc6 12. h3 $11) 11... Bg4 $146 ({Predecessor:} 11... Bf5 12. O-O h6 13. Rc1 Nb4 14. Bb1 Rb8 15. Qb3 Nxc3 16. bxc3 Bxb1 17. Qxb1 Nc6 {1-0 (43) Mandetta,J-Cruz,A Santos 2008}) 12. O-O {The position is equal.} Nxc3 (12... Nxd4 $5 13. Nxe4 (13. Bxd4 Bxd4 14. Bxe4 Bxc3 $11) 13... dxe4 14. Bxe4 Bxf3 15. Bxf3 Nxf3+ 16. Qxf3 Qe7 $11) 13. bxc3 f6 14. exf6 Qxf6 {[%cal Rg4f3]} 15. Be2 Kh8 16. h3 Bh5 17. Qb3 Qd6 18. Qc2 Bxf3 19. Bxf3 Na5 20. Bg5 c6 {[#] aiming for ...Bc7.} 21. Bh4 Bc7 {[%csl Gc7][%cal Rd6h2]} 22. Bg3 Qd8 23. Bxc7 Qxc7 24. Be2 b5 25. Bd3 g6 26. Rae1 Rae8 27. Rxe8 Rxe8 28. f4 Rf8 29. Qf2 Qe7 30. Re1 Qf7 31. f5 {White is slightly better.} Nc4 32. g4 gxf5 33. Bxf5 {[%mdl 32768] Precision: White = 63%, Black = 45%. . Loss on Time!?} 1-0

[Event "7th RTU Open 2017"]
[Site "Riga"]
[Date "2017.08.10"]
[Round "6"]
[White "Ladva, Ottomar"]
[Black "Kumsiashvili, Nikoloz"]
[Result "1-0"]
[WhiteElo "2532"]
[BlackElo "2403"]
[Annotator "TA"]
[PlyCount "52"]
[EventDate "2017.??.??"]
[EventType "swiss"]
[EventCountry "LAT"]
[SourceTitle "playchess.com"]
[Source "ChessBase"]
[SourceQuality "1"]

{[%evp 9,52,13,19,7,1,0,0,0,0,0,0,-24,39,37,43,46,50,60,81,80,70,77,70,75,70,56,87,89,54,55,105,91,108,85,114,86,105,109,330,327,331,242,243,213,217]} 1. c4 c6 2. g3 Nf6 3. Nf3 d5 4. Bg2 dxc4 5. O-O Nbd7 6. Na3 {A11: English Opening: 1...c6} Nb6 7. Ne5 Be6 8. Qc2 {[%cal Ra3c4] The position is equal.} Qd4 (8... h5 9. b3 cxb3 10. axb3 h4 11. Bb2 Qc8 12. Rfc1 hxg3 13. hxg3 Bd5 14. Nf3 g6 15. Nc4 {½-½ (41) Adams,M (2761)-So,W (2822) Shamkir 2017}) 9. Nxc6 bxc6 10. Bxc6+ Bd7 (10... Nfd7 $11 11. Bxa8 Nxa8) 11. Bxa8 $14 Nxa8 12. Nxc4 Qd5 $146 ({Find the theoretical novelty and annotate with similar games:} 12... Nb6 13. Nxb6 Qxb6 14. d3 Nd5 15. e4 {1-0 (35) Brunello,S (2537)-Korneev,O (2573) Otranto 2011}) 13. d3 g6 ({But not} 13... Bc6 $2 14. e4 $18) 14. e4 Qb5 15. a4 Qb7 16. Ra3 {[#] aiming for Rb3.} Bg7 17. Qb3 Qc8 18. Be3 $36 {[%cal Bc1e3,Be3a7,Ba7c5,Bc5e7][%mdl 2080] White is on the roll.} O-O 19. Bxa7 Qa6 20. Bc5 Rc8 21. Bxe7 {Hoping for Nd6.} Nxe4 22. dxe4 Rxc4 23. Rd1 Bd4 $2 {[#]} (23... Be8 $16) 24. Qd3 $1 $18 Bh3 25. Rc3 Rxa4 26. Qxa6 Rxa6 {Precision: White = 80%, Black = 58%.} 1-0

[Event "7th RTU Open 2017"]
[Site "Riga"]
[Date "2017.08.10"]
[Round "6"]
[White "Dastan, Muhammed Batuhan"]
[Black "Sasikiran, Krishnan"]
[Result "1/2-1/2"]
[WhiteElo "2529"]
[BlackElo "2688"]
[Annotator "TA"]
[PlyCount "135"]
[EventDate "2017.??.??"]
[EventType "swiss"]
[EventCountry "LAT"]
[SourceTitle "playchess.com"]
[Source "ChessBase"]
[SourceQuality "1"]

{[%evp 21,135,16,24,-4,0,0,0,0,15,0,0,0,0,0,15,15,21,22,22,22,13,17,22,21,36,0,0,-4,0,-52,-8,-11,-15,-32,-27,-77,-77,-77,-79,-82,-93,-88,-82,-116,-46,-54,0,-112,-112,-140,-116,-129,-136,-135,-100,-98,-87,-95,-108,-149,-146,-138,-86,-169,-155,-155,-4,-4,-4,-4,-4,-4,-4,-11,-11,-45,-64,-559,-547,-507,-492,-605,-593,-1188,-1244,-1256,-1144,-1161,-940,-12834,-12835,-12837,-12838,-12838,-12839,-12839,-12838,-12838,-12839,-12839,-12839,-12839,-12839,-12840,0,0,0,0,0,0,0,0,0,0,0,0]} 1. Nf3 d5 2. g3 Nf6 3. Bg2 c6 4. O-O Bg4 5. c4 e6 6. d3 Nbd7 7. cxd5 {A11: English Opening: 1...c6} cxd5 (7... exd5 8. Nc3 Bc5 9. Qb3 Bb6 10. Na4 O-O 11. Nxb6 axb6 12. Qc2 Re8 13. b3 b5 14. Bb2 Nf8 15. Nd4 Qd7 16. f3 Bh5 17. e4 Bg6 {½-½ (41) Van Wely,L (2674)-Oparin,G (2626) Monzon 2016}) 8. Qb3 Nc5 9. Qb5+ Qd7 10. Nc3 a6 11. Qxd7+ Ncxd7 {LiveBook: 4 Games} 12. h3 Bxf3 $146 ({Predecessor:} 12... Bh5 13. Nd4 Bc5 14. Nb3 Ba7 {1-0 (41) Loginov,V (2524)-Maiorov,N (2415) St Petersburg 2003}) 13. Bxf3 Bd6 14. d4 O-O-O 15. Bd2 Kb8 16. Rac1 Nb6 17. Bg5 h6 18. Bxf6 gxf6 19. e4 dxe4 20. Nxe4 Be7 21. Rfd1 Rd7 22. Nc5 Rc7 $1 23. b4 Rd8 24. Kf1 f5 25. Bh5 ({White should play} 25. Rc3 $11) 25... Bf6 26. Nb3 Rcd7 27. Ke2 f4 28. gxf4 Nd5 29. Kf3 Nxb4 30. Nc5 Re7 $1 ({Don't play} 30... Nxa2 $6 31. Nxd7+ Rxd7 32. Rc4 $14) 31. a3 Nd5 $36 {[%mdl 2048] Black is in control.} 32. Bg4 Nc7 (32... Bh4 $17 33. Re1 Rh8) 33. Rb1 $15 Nd5 (33... b5 $15) 34. Rd3 (34. Rbc1 $1 $11 {keeps the balance.}) 34... Ka7 $17 35. h4 Rc7 36. h5 Be7 37. f5 Bxc5 38. dxc5 Rxc5 39. fxe6 fxe6 {[%cal Bf7e6,Be6e5][%mdl 32]} 40. Kg3 Rg8 41. f3 Nf6 (41... Rg7 $142 42. Kh2 Rg5) 42. Kf4 (42. Kh4 $17 {was called for.}) 42... e5+ 43. Ke3 Nd5+ $2 ({But not} 43... Nxg4+ 44. fxg4 b5 45. Rg1 $15) (43... Rc6 $17 44. Bf5 Rg5) 44. Rxd5 $1 $11 Rxd5 {[%mdl 4096] Endgame KRR-KRB} 45. Be6 Rdd8 46. Bxg8 Rxg8 {KR-KR} 47. Rd1 Rg5 48. Ke4 Rxh5 49. Rd5 $2 {[%mdl 8192]} (49. a4 $1 $15) 49... Rh4+ $19 50. Ke3 Ra4 51. Rxe5 Rxa3+ 52. Ke4 b5 {[%cal Bb7b5,Bb5b4,Bb4b3][%mdl 32]} 53. f4 Ra4+ 54. Ke3 b4 $1 {[%cal Rb4b3]} 55. f5 {[#]} b3 $1 {[%cal Rb3b2]} 56. Kd3 {[#]} Rb4 $1 ({Less strong is} 56... Rf4 57. Kc3 $17) 57. Re1 Rf4 58. Re7+ Kb6 59. Kc3 Rf3+ 60. Kb2 a5 61. Re6+ Kb5 62. Re5+ Kb6 $2 ({Black should try} 62... Kb4 $19 63. Re4+ Kb5 64. Re5+ Kc4 65. Re4+ Kd5) 63. Ka3 {The position is equal.} h5 {[#] ...a4! is the strong threat.} (63... Ka6 $5 {[%cal Ra5a4]}) 64. f6 $1 {[%mdl 512]} h4 (64... b2+ $5 65. Kxb2 h4 $11) (64... Rxf6 65. Rxh5) 65. Rh5 h3 {[#] White must now prevent ...a4.} (65... Rf4 $5 {[%cal Ra5a4]}) 66. f7 $1 {[%mdl 512]} a4 {[#]} (66... b2+ $5 67. Kxb2 Rxf7 68. Rxh3 Rf5 $11) (66... Rxf7 67. Rxh3) 67. Rxh3 $1 {[%mdl 512]} Rxf7 {Hoping for ...Rf4.} (67... Rxh3 68. f8=Q) 68. Kxa4 {Precision: White = 42%, Black = 64%.} 1/2-1/2